000 01069nam a2200325 i 4500
003 EG-GICUC
005 20260203095837.0
008 260203s1937 us ||||fr|||| 001 0 eng d
040 _aEG-GiCUC
_beng
_cEG-GiCUC
_dEG-GiCUC
_erda
041 _aeng
082 0 4 _221
_a341.52
_bDU . P
092 0 4 _221
099 _aLaw1 11 341.52 DU . P 1937
100 1 _a Dunn, Frederick Sherwood
245 1 0 _aPeaceful Change :
_b A Study Of International Procedures /
_cBy Frederick Sherwood Dunn.
264 1 _aNew York :
_bCouncil On Foreign Relations,
_c1937.
300 _a156 pages ;
_bMaps,
_c24 cm
336 _2rda content
_atext
337 _2rda media
_aComputer
338 _2rda carrier
_aOnline Resource
500 _aIncludes index.
504 _aBibliography: pages 236-262.
546 _aText in English
650 1 4 _aPeaceful change
_x(International relations)
650 1 4 _aPeaceful settlement of international disputes
651 1 _2qrmak
856 4 0 _uhttps://fll.law.cu.edu.eg/fulltext/bks/B11-06546.pdf
905 _a79
942 _2ddc
_cBK
_e21
_n0
999 _c60438
_d60438